书目信息 |
| 书名: | ENCYCLOPEDIA OF MATHEMATICS AND ITS APPLICATIONS | |
| 作者: | Fred S. Roberts. | |
| 分册号: | ||
| 分册名: | Measurement theory with applications to decisionmaking, utility, and the social sciences. | 出版地: | Reading, Mass. : |
|
| 出版社: | Addison-Wesley Advanced Book Program | |
| 出版时间: | 1979. | |
| 页数: | xxii, 420 p. : | |
| 开本: | 24 cm. | |
| 丛书名: | ||
| 中图分类号: | ||
| 科图分类号: | ||
| 其他分类号: | O1-61 | |
| 主题词: | ||
| 电子资源: | ||
| 000 | 01348cam a2200313 i 450 | |
| 001 | E0751699013 | |
| 005 | 20070429155706.43 | |
| 008 | 781226s1979 maua b 001 0 eng | |
| 010 | @a78031562 | |
| 020 | @a020113506X. | |
| 035 | @A(DLC) 78031562 | |
| 040 | @aDLC@cDLC@dDLC | |
| 050 | 00 | @aH61@b.R593 |
| 082 | 00 | @a300/.28/7@2 19 |
| 090 | @aO1-61 | |
| 099 | @dO1-61@ex4:7 | |
| 100 | 1 | @aRoberts, Fred S. |
| 245 | 10 | @aENCYCLOPEDIA OF MATHEMATICS AND ITS APPLICATIONS / @cFred S. Roberts.@nvolume 7,@pMeasurement theory with applications to decisionmaking, utility, and the social sciences. |
| 260 | @aReading, Mass. :@bAddison-Wesley Advanced Book Program,@c1979. | |
| 300 | @axxii, 420 p. :@bill. ;@c24 cm. | |
| 490 | 1 | @aEncyclopedia of mathematics and its applications ;@vv. 7.@aSection, Mathematics and the social sciences |
| 504 | @aIncludes bibliographies and indexes. | |
| 650 | 0 | @aSocial sciences@xMathematical models. |
| 650 | 0 | @aSocial sciences@xMethodology. |
| 650 | 0 | @aDecision making@xMathematical models. |
| 830 | 0 | @aEncyclopedia of mathematics and its applications.@pSection, Mathematics and the social sciences. |
| 830 | 0 | @aEncyclopedia of mathematics and its applications ;@vv. 7. |
| 906 | @a7@bcbc@corignew@d1@eocip@f19@gy-gencatlg | |
| 991 | @bc-GenColl@hH61@i.R593@p00004480880@tCopy 1@v7@wBOOKS | |
| ENCYCLOPEDIA OF MATHEMATICS AND ITS APPLICATIONS / / Fred S. Roberts.. volume 7,. Measurement theory with applications to decisionmaking, utility, and the social sciences.-Reading, Mass. : : Addison-Wesley Advanced Book Program, , 1979. |
| xxii, 420 p. : : ill. ; ; 24 cm.- (Encyclopedia of mathematics and its applications ; v. 7. Section, Mathematics and the social sciences ) |
| Includes bibliographies and indexes. |
| ISBN 020113506X. |
| ● |
| 相关链接 |
|
|
|
|
正题名:ENCYCLOPEDIA OF MATHEMATICS AND ITS APPLICATIONS
索取号:O1-61/x4:7
 
预约/预借
| 序号 | 登录号 | 条形码 | 馆藏地/架位号 | 状态 | 备注 |
| 1 | 182745 | 000454733 | 第二样本阅览室/ [索取号:O1-61/x4:7] | 在馆 | |
| 2 | 182746 | 000454779 | 第四借阅区/ [索取号:O1-61/x4:7] | 在馆 |